| 000 | 00570nam a2200193Ia 4500 | ||
|---|---|---|---|
| 005 | 20260114185712.0 | ||
| 008 | 008 260114s9999 xx 000 0 eng d | ||
| 020 | _a9780755623396 | ||
| 037 | _aEBOOK | ||
| 040 |
_aCRL _beng _cCRL |
||
| 041 |
_aeng _2eng |
||
| 084 | _qCRL | ||
| 100 |
_aTarja Cronberg _9873332 |
||
| 245 | 0 | _aTransforming Russia From a Military to a Peace Economy | |
| 260 |
_bBloomsbury _c2003 |
||
| 856 | _uhttps://doi.org/10.5040/9780755623396?locatt=label:secondary_bloomsburyCollections | ||
| 942 | _cEBOOK | ||
| 999 |
_c1472280 _d1472280 |
||